|
|
|
|
| LEADER |
00000nam0a2200000 4500 |
| 001 |
109275 |
| 005 |
20231031115948.0 |
| 010 |
|
|
|a 5283000265
|
| 020 |
|
|
|a RU
|b 89-11736
|
| 035 |
|
|
|a (RuTPU)RU\TPU\book\117957
|
| 090 |
|
|
|a 109275
|
| 100 |
|
|
|a 20070202d1988 km y0rusy5003 ca
|
| 101 |
1 |
|
|a rus
|c bul
|
| 102 |
|
|
|a RU
|
| 105 |
|
|
|a a z 000zy
|
| 200 |
1 |
|
|a Коррозия теплоэнергетического и ядерно-энергетического оборудования
|f М. Йовчев
|g Перевод с болг. С. В. Цанева; Под ред. П. А. Акользина
|
| 210 |
|
|
|a Москва
|c Энергоатомиздат
|d 1988
|
| 215 |
|
|
|a 223 с.
|c ил.
|
| 320 |
|
|
|a Библиогр.: с. 207-216 (226 назв.).
|
| 610 |
1 |
|
|a тепловые электрические станции
|
| 610 |
1 |
|
|a ТЭС
|
| 610 |
1 |
|
|a ядерно-энергетические комплексы
|
| 610 |
1 |
|
|a паровые котлы
|
| 610 |
1 |
|
|a коррозия
|
| 610 |
1 |
|
|a паровые турбины
|
| 610 |
1 |
|
|a водо-водяные атомные реакторы
|
| 610 |
1 |
|
|a парогенераторы
|
| 610 |
1 |
|
|a химическая очистка
|
| 610 |
1 |
|
|a солнечные нагревательные установки
|
| 610 |
1 |
|
|a водяные системы охлаждения
|
| 675 |
|
|
|a 621.311.22.002.5:620.1
|z rus
|
| 675 |
|
|
|a 621.311.25:621.039.002.5
|z rus
|
| 700 |
|
1 |
|a Йовчев
|b М. П.
|g Милко Петров
|4 070
|
| 702 |
|
1 |
|a Акользин
|b П. А.
|4 340
|
| 801 |
|
0 |
|a RU
|b RuMRKP
|c 19950417
|g psbo
|
| 801 |
|
1 |
|a RU
|b 63413507
|c 20070202
|g PSBO
|
| 801 |
|
2 |
|a RU
|b 63413507
|c 20130412
|g PSBO
|
| 942 |
|
|
|c BK
|